| 000 | 00544nam a22001817a 4500 | ||
|---|---|---|---|
| 003 | CEME | ||
| 005 | 20210628204040.0 | ||
| 008 | 210114b xxu||||| |||| 00| 0 eng d | ||
| 020 | _a9781856176552 | ||
| 040 | _cceme | ||
| 082 | _a333.7932 GEN | ||
| 100 |
_aSioshansi, Fereidoon.P _968442 |
||
| 245 | _aGenerating electricity in a carbon-constrained world | ||
| 260 |
_aAMSTERDAM _bELSEVIER _c2010 |
||
| 300 | _aXIVI, 585P | ||
| 650 |
_aGENERATING ELECTRICITY IN A CARBON-CONSTRAINED WORLD.ELECTRICITY-GENERATING. _968443 |
||
| 942 |
_cBK _2ddc |
||
| 999 |
_c576020 _d576020 |
||